Complete Guide To CISM Certification (Record no. 353132)

MARC details
000 -LEADER
fixed length control field 00484nam a2200169Ia 4500
008 - FIXED-LENGTH DATA ELEMENTS--GENERAL INFORMATION
fixed length control field 230718s9999 xx 000 0 und d
020 ## - INTERNATIONAL STANDARD BOOK NUMBER
International Standard Book Number 849353564
041 ## - LANGUAGE CODE
Language code of text/sound track or separate title eng
082 ## - DEWEY DECIMAL CLASSIFICATION NUMBER
Classification number 005.806
Item number PEL
100 ## - MAIN ENTRY--PERSONAL NAME
Personal name Peltier T.R.
9 (RLIN) 192638
245 ## - TITLE STATEMENT
Title Complete Guide To CISM Certification
260 ## - PUBLICATION, DISTRIBUTION, ETC. (IMPRINT)
Date of publication, distribution, etc. 2007
Name of publisher, distributor, etc. CRC Press
300 ## - PHYSICAL DESCRIPTION
Extent 454
Accompanying material [OBSOLETE, CAN/MARC] Ref 130 IT ( 64341 )
365 ## - TRADE PRICE
Currency code Rs.
Price amount 9805.49
700 ## - ADDED ENTRY--PERSONAL NAME
Personal name Peltier T.R. & Peltier J.
906 ## - LOCAL DATA ELEMENT F, LDF (RLIN)
d O:0771416-Dec-2022B:12912-Dec-2022
c MC
b 2451.37
Holdings
Withdrawn status Lost status Damaged status Not for loan Home library Current library Date acquired Vendor Budget Code Cost, normal purchase price Bill number Total Checkouts Full call number Barcode Date last seen Discount Cost, replacement price Bill Date Koha item type Original Barcode
        Cummins College of Engineering for Women Pune Cummins College of Engineering for Women Pune 16/12/2022 Om Book Stall MC 7354.12 129   005.806 CCEP-BK-64343 18/07/2023 2451.37 9805.49 12/12/2022 Books 064343